Step up. 2, The streets /

Andie is a spunky young women who is from one of Baltimore's grittiest neighborhoods. Her dance ability, which has been forged in fire on the streets, lands her in a prestigious performing arts school. There, she struggles to fit in. Her classmates are in awe of her talent and catches the eye o...

Full description

Bibliographic Details
Corporate Authors: Touchstone Pictures, Summit Entertainment, Offspring Entertainment (Firm), Touchstone Home Entertainment (Firm)
Other Authors: Wachsberger, Patrick, Feig, Erik, Shankman, Adam, Gibgot, Jennifer, Johnson, Toni Ann, 1968-, Barna, Karen, Chu, Jon M., Evigan, Briana, Hoffman, Robert, 1980-, Kemp, Will, 1977-, Cassie, 1986-, Sims, Jamal, Adler, Duane G.
Format: Video DVD
Language:English
French
Spanish
Language Notes:English, dubbed French or dubbed Spanish dialogue, Spanish or French subtitles; English subtitles for the deaf and hard of hearing.
Published: [Burbank, Calif.] : Touchstone Home Entertainment, [2008]
Edition:Dance-off ed.
Subjects:

MARC

Tag First Indicator Second Indicator Subfields
LEADER 00000cgm a2200000Ka 4500
001 in00002394870
005 20151109062632.0
007 vd cvaizq
008 080416s2008 cau098 g vleng d
020 |a 0788886983 
020 |a 9780788886980 
024 1 0 |a 786936758757 
028 4 2 |a 56776  |b Touchstone Home Entertainment 
029 1 |a NZ1  |b 12362008 
035 |a (OCoLC)ocn224550963 
035 |a (OCoLC)224550963 
037 |b Midwest Tape  |n http://www.midwesttapes.com 
040 |a TEFMT  |c TEFMT  |d TEF  |d GK8  |d TXA  |d UtOrBLW 
041 1 |a eng  |a fre  |a spa  |h eng  |g eng 
043 |a n-us---  |a n-us-md 
049 |a TXAM 
050 1 4 |a PN1995.9.M86  |b S747 2008 
082 0 4 |a 791.43/72  |2 22 
090 |a PN1997.2  |b .S742 2006 
245 0 0 |a Step up.  |n 2,  |p The streets /  |c Touchstone Pictures and Summit Entertainment present a Summit Entertainment production in association with Offspring Entertainment ; produced by Patrick Wachsberger, Erik Feig, Adam Shankman, Jennifer Gibgot ; written by Toni Ann Johnson and Karen Barna ; directed by Jon M. Chu. 
246 3 0 |a Streets 
246 3 |a Step up 2 the streets 
246 3 |a Step up to the streets 
250 |a Dance-off ed. 
264 1 |a [Burbank, Calif.] :  |b Touchstone Home Entertainment,  |c [2008] 
264 4 |c ©2008 
300 |a 1 videodisc (98 min.) :  |b sound, color ;  |c 4 3/4 in. 
336 |a two-dimensional moving image  |b tdi  |2 rdacontent 
337 |a video  |b v  |2 rdamedia 
338 |a videodisc  |b vd  |2 rdacarrier 
538 |a DVD; region 1; NTSC; widescreen (1.85:1) presentation; Dolby Digital. 
546 |a English, dubbed French or dubbed Spanish dialogue, Spanish or French subtitles; English subtitles for the deaf and hard of hearing. 
511 1 |a Briana Evigan, Robert Hoffman, Will Kemp, Cassie Ventura. 
508 |a Director of photography, Max Malkin ; editor, Andrew Marcus ; music, Aaron Zigman ; costume designer, Luca Mosca ; production designer, Deborah Herbert ; choreography, Jamal Sims. 
500 |a Based on characters created by Duane Alder. 
521 8 |a MPAA rating: PG-13; for language, some suggestive material, and brief violence. 
520 |a Andie is a spunky young women who is from one of Baltimore's grittiest neighborhoods. Her dance ability, which has been forged in fire on the streets, lands her in a prestigious performing arts school. There, she struggles to fit in. Her classmates are in awe of her talent and catches the eye of Chase, a guy from a privileged family. He becomes captivated by Andie's street dance moves and genuine heart. 
500 |a Videorecording. 
650 0 |a Dance  |z United States  |v Drama. 
650 0 |a Young women  |z Maryland  |z Baltimore  |v Drama. 
650 0 |a Centers for the performing arts  |z United States  |v Drama. 
650 0 |a Students  |z United States  |v Drama. 
650 7 |a Bailarines  |z Estados Unidos  |v Teatro.  |2 bidex 
650 7 |a Jóvenes (Mujeres)  |z Maryland  |z Baltimore  |v Teatro.  |2 bidex 
655 7 |a Feature films.  |2 lcgft 
655 7 |a Fiction films.  |2 lcgft 
655 7 |a Musical films.  |2 lcgft 
655 7 |a Video recordings for the hearing impaired.  |2 lcgft 
655 7 |a Musical  |v Feature.  |2 migfg 
655 7 |a Romance  |v Feature.  |2 migfg 
655 7 |a Youth  |v Feature.  |2 migfg 
655 7 |a Feature films.  |2 gsafd 
655 7 |a Musical films.  |2 gsafd 
700 1 |a Wachsberger, Patrick. 
700 1 |a Feig, Erik. 
700 1 |a Shankman, Adam. 
700 1 |a Gibgot, Jennifer. 
700 1 |a Johnson, Toni Ann,  |d 1968- 
700 1 |a Barna, Karen. 
700 1 |a Chu, Jon M. 
700 1 |a Evigan, Briana. 
700 1 |a Hoffman, Robert,  |d 1980- 
700 1 |a Kemp, Will,  |d 1977- 
700 0 |a Cassie,  |d 1986- 
700 1 |a Sims, Jamal. 
700 1 |a Adler, Duane G. 
710 2 |a Touchstone Pictures. 
710 2 |a Summit Entertainment. 
710 2 |a Offspring Entertainment (Firm) 
710 2 |a Touchstone Home Entertainment (Firm) 
994 |a C0  |b TXA 
948 |a cataloged  |b h  |c 2008/7/18  |d c  |e blrosas  |f 12:57:04 pm 
999 |a MARS 
999 f f |s 8311e40a-e194-34aa-a2f4-4655f3a832f0  |i dfa27e49-6dce-3ba8-b842-8062f6e287fa  |t 0 
952 f f |p dvd  |a Texas A&M University  |b College Station  |c Sterling C. Evans Library  |d Evans: Media and Reserves (Annex 1st floor)  |t 0  |e PN1997.2 .S742 2006  |h Library of Congress classification  |i video -- videodisc  |m A14837267525 
998 f f |a PN1997.2 .S742 2006  |t 0  |l Evans: Media and Reserves (Annex 1st floor)